| 000 | 00693nam a2200241 a 4500 | ||
|---|---|---|---|
| 001 | 19474 | ||
| 003 | CO-ViMGA | ||
| 008 | 141112s2004 ck r 000 u spa d | ||
| 020 | _a8428325073 | ||
| 040 |
_aCO-ViMGA _bspa _cCO-ViMGA |
||
| 082 | 0 | 4 | _a616.546 G413t |
| 100 | 1 |
_aGibello Prieto, Ana María (et al) _928077 |
|
| 245 | 1 | 0 | _aTratamientos capilares |
| 260 |
_aMadrid : _bParaninfo; 1998 |
||
| 300 | _a220 p. | ||
| 490 | _aImagen Personal | ||
| 590 | _aForma de adquisición : Premio Mincultura | ||
| 650 | 1 | 4 |
_aCABELLO - TRATAMIENTO _928078 |
| 650 | 1 | 4 |
_aCALVICIO - TRATAMIENTO _928079 |
| 650 | 1 | 4 |
_aCUERO CABELLUDO _928080 |
| 650 | 1 | 4 |
_aPELO - TRATAMIENTO _928081 |
| 942 |
_2ddc _cBK |
||
| 999 |
_c28615 _d28615 |
||